000 01541cam a2200277zu 4500
001 45001649
003 FRCYB45001649
005 20251020123205.0
006 m o d
007 cr un
008 251020s2005 fr | o|||||0|0|||fre d
020 _a9782100487547
035 _aFRCYB45001649
040 _aFR-PaCSA
_bfr
_c
_erda
100 1 _aMeunier, Francis
245 0 1 _aDomestiquer l'effet de serre
_bEnergies et développement durable
_c['Meunier, Francis']
264 1 _bDunod
_c2005
300 _a p.
336 _btxt
_2rdacontent
337 _bc
_2rdamdedia
338 _bc
_2rdacarrier
650 0 _a
700 0 _aMeunier, Francis
856 4 0 _2Cyberlibris
_uhttps://international.scholarvox.com/netsen/book/45001649
_qtext/html
_a
520 _aL'effet de serre, contrairement aux idées reçues, est avant tout un phénomène naturel positif, puisqu'il permet à notre planète d'avoir une température moyenne de +15 °C au lieu de -20 °C. C'est son augmentation, due aux rejets de gaz incontrôlés, qui pose problème et qu'il nous faut apprendre à maîtriser. Cet ouvrage se propose de faire le tour du sujet, en s'attachant non pas à décrire la situation actuelle (les "effets" sur le climat) mais à en expliciter scientifiquement les "causes" (utilisation massive des énergies fossiles), pour ensuite proposer des solutions techniques et des pistes de réflexion pour demain afin de conjuguer sur le plan de l'énergie société industrialisée et équilibre environnemental.
999 _c1553339
_d1553339